| 000 | 01486cam a2200349 a 4500 | ||
|---|---|---|---|
| 999 |
_c3651 _d3651 |
||
| 001 | 16598318 | ||
| 003 | OSt | ||
| 005 | 20240424090329.0 | ||
| 008 | 110104s2011 nyu 000 1 eng | ||
| 010 | _a 2010054099 | ||
| 020 | _a9780349123134 | ||
| 035 | _a(OCoLC)ocn646113573 | ||
| 040 |
_aDLC _beng _cDLC _dIG# _dBTCTA _dYDXCP _dUPZ _dMPL _dGPI _dHQC _dDLC _dKH8 |
||
| 043 | _af-bs--- | ||
| 082 | _aFIC MCC | ||
| 100 | 1 |
_aMcCall Smith, Alexander, _d1948- _eauthor. |
|
| 245 | 1 | 4 |
_aThe Saturday big tent wedding party / _cAlexander McCall Smith. |
| 250 | _a1st U.S. ed. | ||
| 260 |
_aNew York : _bPantheon Books, _c2011. |
||
| 300 |
_a213 p. ; _c25 cm. |
||
| 490 | 1 | _aNo. 1 Ladies' Detective Agency series | |
| 520 | _aHoping to reclaim a van that was featured in a possible prophetic dream, Precious and Grace find themselves helping an apprentice of Phuti Radiphuti, investigating a cattle poisoning, and considering Grace's possible marriage to Phuti. | ||
| 600 | 1 | 0 |
_aRamotswe, Precious _c(Fictitious character) _vFiction. |
| 650 | 0 |
_aWomen private investigators _zBotswana _vFiction. |
|
| 650 | 0 |
_aWeddings _zBotswana _vFiction. |
|
| 650 | 0 |
_aNo. 1 Ladies' Detective Agency (Imaginary organization) _vFiction. |
|
| 651 | 0 |
_aBotswana _xSocial life and customs _vFiction. |
|
| 655 | 7 |
_aMystery fiction. _2gsafd |
|
| 710 | 2 |
_aGene Berry and Jeffrey Campbell Collection _5DLC |
|
| 800 | 1 |
_aMcCall Smith, Alexander, _d1948- _tNo. 1 Ladies Detective Agency series. |
|
| 942 |
_2ddc _cFIC |
||